000 00354 a2200145 4500
005 20250701064508.0
020 _a1821 5321
082 _a340.05 OPE.
111 _aTHE OPEN UNIVERSITY.
245 _aLaw Journal,
250 _a2nd Ed.
260 _aDar Es Salaam,
_bFoculty Of Law,
_c2009.
300 _a178p.; Ill.; picture,
_c22.5cm.
942 _2ddc
_cBKS
999 _c6481
_d6481